000 00236nam a2200097Ia 4500
005 20250424112934.0
008 250424s9999 xx 000 0 und d
300 _avi, 56 p. :ill. ; 30 cm.
650 _aMedicine--Periodicals.
942 _cSR
999 _c37992
_d37992